<?xml version="1.0" encoding="UTF-8"?>
<collection xmlns="http://www.loc.gov/MARC21/slim">
  <record>
    <leader>00000nam  2200000   4500</leader>
    <controlfield tag="001">INLIS000000000018675</controlfield>
    <controlfield tag="005">20241204022514</controlfield>
    <datafield tag="035" ind1="#" ind2="#">
      <subfield code="a">0010-1224000046</subfield>
    </datafield>
    <controlfield tag="007">ta</controlfield>
    <controlfield tag="008">241204################g##########0#ind##</controlfield>
    <datafield tag="020" ind1="#" ind2="#">
      <subfield code="a">979-414-024-4</subfield>
    </datafield>
    <datafield tag="082" ind1="#" ind2="#">
      <subfield code="a">613.1</subfield>
    </datafield>
    <datafield tag="084" ind1="#" ind2="#">
      <subfield code="a">613.1 SET m</subfield>
    </datafield>
    <datafield tag="100" ind1=" " ind2="#">
      <subfield code="a">Setiono, Kusdwiratri</subfield>
    </datafield>
    <datafield tag="245" ind1="1" ind2="#">
      <subfield code="a">Manusia, Kesehatan dan Lingkungan :</subfield>
      <subfield code="b">kualitas hidup dalam perspektif perubahan lingkungan global /</subfield>
      <subfield code="c">Kusdwiratri Setiono, Johan S. Masjhur dna Anna Alisyahbana</subfield>
    </datafield>
    <datafield tag="260" ind1="#" ind2="#">
      <subfield code="a">Bandung :</subfield>
      <subfield code="b">Alumni,</subfield>
      <subfield code="c">1998</subfield>
    </datafield>
    <datafield tag="300" ind1="#" ind2="#">
      <subfield code="a">xi, 330 hlm. :</subfield>
      <subfield code="b">ill. ;</subfield>
      <subfield code="c">21 cm</subfield>
    </datafield>
    <datafield tag="650" ind1="#" ind2="4">
      <subfield code="a">Manusia, Kesehatan dan Lingkungan</subfield>
    </datafield>
    <datafield tag="520" ind1="#" ind2="#">
      <subfield code="a">Masalah lingkungan hidup perlu mendapat perhatian bersama dari seluruh penduduk bumi, melalui upaya peningkatan kesadaran dan kepedulian akan pentingnya menata lingkungan hidup termasuk lingkungan sosio-budaya, berikut penyusunan pranata hukumnya. Bagi para ilmuwan dan siapa saja yang peduli, masalah lingkungan merupakan suatu tantangan untuk dipecahkan secara konseptual, yang manfaatnya akan dirasakan tidak saja oleh generasi sekarang tetapi juga oleh generasi yang akan datang.</subfield>
    </datafield>
    <datafield tag="990" ind1="#" ind2="#">
      <subfield code="a">04108714</subfield>
    </datafield>
    <datafield tag="990" ind1="#" ind2="#">
      <subfield code="a">02116797</subfield>
    </datafield>
    <datafield tag="990" ind1="#" ind2="#">
      <subfield code="a">02116799</subfield>
    </datafield>
  </record>
</collection>
